[Event "Challenge"]
[Site "http://www.queenalice.com/game.php?id=214066"]
[Date "2007.5.21"]
[Round "-"]
[White "Jorge"]
[Black "magusp"]
[Result "0-1"]
[WhiteElo "1430"]
[BlackElo "1461"]

1. e4 e5 2. Nf3 Nf6 3. Nc3 Nc6 4. a3 Bc5 5. b4 Bb6 6. Bc4 h6 7. O-O O-O 8. Bb2
d6 9. d3 Bg4 10. h3 Bh5 11. Ne2 d5 12. exd5 Nxd5 13. Nxe5 Nxe5 14. Bxe5 Re8 15.
Bb2 Bxe2 16. Qd2 Bxf1 17. Kxf1 c6 18. d4 Qf6 19. Be2 Re7 20. Qe1 Rae8 21. Rd1
Rxe2 22. Qxe2 Rxe2 23. Kxe2 Nf4+ 24. Kd2 Bxd4 25. Bxd4 Qxd4+ 26. Kc1 Qxf2 27. g4
Qe3+ 28. Rd2 Qxa3+ 29. Kd1 Qa1# 0-1

[Event "Challenge"]
[Site "http://www.queenalice.com/game.php?id=220876"]
[Date "2007.6.5"]
[Round "-"]
[White "magusp"]
[Black "VPAcevedo"]
[Result "1-0"]
[WhiteElo "1397"]
[BlackElo "1442"]

1. e4 e5 2. Nf3 Nc6 3. Bc4 Nh6 4. d3 Bd6 5. Bxh6 Rg8 6. Bg5 Be7 7. Bxe7 Qxe7 8.
Nc3 d6 9. O-O g5 10. Nd5 Qd8 11. d4 exd4 12. Nxd4 Nxd4 13. Qxd4 f6 14. Nxf6+ Kf8
15. Nxg8 Ke8 16. Nf6+ Kf8 17. Nxh7+ Ke7 18. Qf6+ Kd7 19. Nf8+ Ke8 20. Qf7# 1-0

[Event "Challenge"]
[Site "http://www.queenalice.com/game.php?id=220877"]
[Date "2007.6.5"]
[Round "-"]
[White "magusp"]
[Black "VPAcevedo"]
[Result "1-0"]
[WhiteElo "1420"]
[BlackElo "1432"]

1. d4 d5 2. Nf3 Nc6 3. Bf4 Bf5 4. a3 Nf6 5. b3 e6 6. e3 Be7 7. c4 O-O 8. cxd5
exd5 9. Bd3 Bg4 10. Nbd2 h6 11. Qc2 g5 12. Bg3 Nh5 13. Bh7+ Kh8 14. Be5+ f6 15.
Bg3 Rf7 16. Bf5 Bxf5 17. Qxf5 Ng7 18. Qg6 Qf8 19. Qxh6+ Kg8 20. Bxc7 Rc8 21. Bg3
Nd8 22. h4 Nde6 23. hxg5 fxg5 24. Qh8# 1-0

[Event "Challenge"]
[Site "http://www.queenalice.com/game.php?id=225411"]
[Date "2007.6.15"]
[Round "-"]
[White "magusp"]
[Black "Jorge"]
[Result "0-1"]
[WhiteElo "1462"]
[BlackElo "1440"]

1. e4 e5 2. Nf3 Nc6 3. Bc4 Nf6 4. Nc3 Bc5 5. d3 O-O 6. Bg5 h6 7. Bh4 Nd4 8. Nxd4
Bxd4 9. O-O c6 10. a4 Qc7 11. Bxf6 gxf6 12. Qg4+ Kh8 13. Qh5 d5 14. Qxh6+ Kg8
15. exd5 cxd5 16. Bxd5 Bf5 17. Qxf6 Bh7 18. Be4 Qb6 19. Qg5+ Bg6 20. Nd5 Qe6 21.
Nc7 Qd7 22. Nxa8 Rxa8 23. c3 Bb6 24. a5 Bd8 25. Qg4 Qxg4 0-1

[Event "Challenge"]
[Site "http://www.queenalice.com/game.php?id=231404"]
[Date "2007.6.27"]
[Round "-"]
[White "magusp"]
[Black "Jorge"]
[Result "1-0"]
[WhiteElo "1413"]
[BlackElo "1478"]

1. e4 e5 2. Nf3 Nc6 3. Bc4 Bc5 4. d3 Nf6 5. Bg5 O-O 6. O-O h6 7. Bh4 Qe8 8. Bxf6
gxf6 9. Nh4 d6 10. Nf5 Bxf5 11. exf5 Kh7 12. Nc3 Nd4 13. Nd5 Qd8 14. Qh5 Ne2+
15. Qxe2 Rg8 16. Qh5 Qd7 17. Nxf6+ Kh8 18. Qxh6# 1-0

[Event "Let's Play Chess!"]
[Site "http://www.queenalice.com/game.php?id=267275"]
[Date "2007.9.5"]
[Round "-"]
[White "magusp"]
[Black "pedrogarciass"]
[Result "0-1"]
[WhiteElo "1406"]
[BlackElo "1643"]

1. e4 Nc6 2. d4 d5 3. e5 Bf5 4. Nf3 Bg4 5. Be2 Bxf3 6. Bxf3 e6 7. Nc3 Bb4 8. O-O
Bxc3 9. bxc3 Na5 10. Ba3 Nc4 11. Bb4 a5 12. Bf8 Kxf8 0-1

[Event "Let's Play Chess!"]
[Site "http://www.queenalice.com/game.php?id=289028"]
[Date "2007.10.18"]
[Round "-"]
[White "stuge"]
[Black "magusp"]
[Result "0-1"]
[WhiteElo "1392"]
[BlackElo "1414"]

1. c4 e5 2. d4 exd4 3. Qxd4 Nc6 4. Qe4+ Qe7 5. Nc3 Nf6 6. Qxe7+ Bxe7 7. Nb5 Bb4+
8. Bd2 Bxd2+ 9. Kxd2 O-O 10. Nxc7 Rb8 11. Nd5 Ne4+ 12. Ke1 d6 13. e3 Bf5 14. f3
Nc5 15. e4 Be6 16. Ne2 b5 17. b3 Bxd5 18. cxd5 Nb4 19. Kd1 f5 20. Nd4 fxe4 21.
Ne6 Nxe6 22. dxe6 exf3 23. e7 Rfe8 24. a3 fxg2 25. Bxg2 Nd3 26. Bd5+ Kh8 27. Kd2
Nf4 28. Bc6 Rxe7 29. Rhe1 Ng6 30. Be4 Rbe8 31. Bxg6 Rxe1 32. Rxe1 Rxe1 33. Kxe1
hxg6 34. Ke2 Kg8 35. Ke3 Kf7 36. Ke4 Ke6 37. Kd4 a6 38. b4 g5 39. h3 g6 40. Ke3
Ke5 41. Kf3 d5 42. Ke3 d4+ 43. Kd3 g4 44. hxg4 g5 45. Ke2 Ke4 46. Kd2 Kf3 47.
Kd3 Kxg4 48. Kxd4 Kf3 0-1

[Event "Let's Play Chess!"]
[Site "http://www.queenalice.com/game.php?id=293954"]
[Date "2007.10.27"]
[Round "-"]
[White "magusp"]
[Black "peaceman"]
[Result "1-0"]
[WhiteElo "1439"]
[BlackElo "1182"]

1. e4 e5 2. Nf3 d6 3. Bc4 Bg4 4. d3 Nc6 5. Nc3 Nf6 6. Bg5 Be7 7. O-O h6 8. Bh4
Na5 9. Bb3 c5 10. Ba4+ Nc6 11. Qe2 O-O 12. a3 a5 13. Bxc6 bxc6 14. h3 Qb8 15.
hxg4 Qxb2 16. Bxf6 Bxf6 17. Qd2 Rab8 18. Rfb1 Qxb1+ 19. Rxb1 Rxb1+ 20. Nxb1 Bd8
21. g3 Bb6 22. g5 a4 23. gxh6 gxh6 24. Qxh6 c4 25. Ng5 Rc8 26. Qh7+ Kf8 27.
Qxf7# 1-0

[Event "Challenge"]
[Site "http://www.queenalice.com/game.php?id=308021"]
[Date "2007.11.21"]
[Round "-"]
[White "igor15"]
[Black "magusp"]
[Result "1-0"]
[WhiteElo "1514"]
[BlackElo "1441"]

1. e4 e5 2. Nf3 Nc6 3. Nc3 Nf6 4. Bb5 Bb4 5. a3 Bxc3 6. bxc3 d6 7. O-O Bg4 8. h3
Bh5 9. Bb2 O-O 10. g4 Bg6 11. Bxc6 bxc6 12. c4 Bxe4 13. a4 Re8 14. h4 Nxg4 15.
a5 1-0

[Event "Let's Play Chess!"]
[Site "http://www.queenalice.com/game.php?id=513764"]
[Date "2008.12.28"]
[Round "-"]
[White "csegura"]
[Black "magusp"]
[Result "0-1"]
[WhiteElo "1408"]
[BlackElo "1431"]

1. d4 d5 2. c3 Bf5 3. Nd2 Nf6 4. f3 Bg6 5. g4 e6 6. Nb3 b6 7. Bg5 Be7 8. Qd2 O-O
9. h4 h6 10. h5 Bh7 11. Bf4 c5 12. dxc5 bxc5 13. e4 c4 14. Nd4 dxe4 15. Bxc4
exf3 16. Ngxf3 Nxg4 17. Nc6 Qxd2+ 18. Nxd2 Nxc6 19. O-O-O Nf2 20. Rh4 Bxh4 21.
Nf3 Nxd1 22. Kxd1 Bf6 23. b4 Bxc3 24. Bd6 Rfd8 25. Ke2 Rxd6 26. Bb5 Nd4+ 27.
Nxd4 Rxd4 28. a4 Rxb4 29. Kf2 Rd8 30. Kg3 Bd3 31. Bxd3 Rxd3+ 0-1